Quizzes
Events
Quiz Creation
Community
Videos
Private Events
Remove Ads
Sign In
Join for FREE
Feedback
Dark Mode
Quiz Categories
Sports
Geography
Music
Movies
Television
Just For Fun
Miscellaneous
History
Literature
Language
Science
Gaming
Entertainment
Religion
Holiday
For Kids
Quiz Lab
Recent
Popular Today
Quiz Kudos Today
Editor Picks
Curator Picks
Quizzes by...
Day
Popularity
Type
Ratings
Length
Year
Community
Subscriptions
Recent Discussions
Orange Saloon
Badges
Playlists
Quests
Create
Leaderboards
Showdown
Live 5
Trivia Bingo
Activity
Puzzle Library
Sporcle Events
Private Events
Virtual Trivia
Globe League
Become a Host
Pub Owners
SporcleCon
Opinionation
Our Games
Videos
Blog
Mobile Apps
Partnerships
Remove Ads and Go Orange
Feedback
Music
Pop Music
The Beatles
Song
Album
Lyrics
Bands
Singers
Artist
Clip
Rock
Rap
Classical
Billboard
Country Music
Kpop
Taylor Swift
Music
Pop Music
The Beatles
Song
Album
Lyrics
Bands
Singers
Artist
Clip
Rock
Rap
Classical
Billboard
Country Music
Kpop
Taylor Swift
Random Quiz
Search Sporcle
×
Quiz Lab
Quiz Lab
Music
Missing Word
Type in answers that appear in a list
Type in answers that appear in a list
Classic
Best Score? Go Orange.
30 Rock Song Titles Stats
Can you name the missing word in the song titles?
By
srudder1
3m
30 Questions
275 Plays
275 Plays
275 Plays
Comments
Comments
Give Quiz Kudos
Give Quiz Kudos
-
- Ratings
hide this ad
Replay
Link that replays current quiz
Next Quiz
Link to next quiz in quiz playlist
You Got
0%
They Got
Avg Score
62%
Avg Friend Score
Upgrade to see
Score Distribution
Jump to the score distribution portion of the page
Score
0/30
Timer
03:00
0
Plays Today
Song Title
Missing Word
% Correct
The _
_
_
_
_
Are Back in Town
Boys
94.5%
Paradise _
_
_
_
_
City
86.5%
Dust in the _
_
_
_
_
Wind
86.5%
Takin' _
_
_
_
_
of Business
Care
86.2%
_
_
_
_
Talks
Money
81.8%
_
_
_
_
_
Me Two Times
Love
81.5%
_
_
_
_
_
Stardust
Ziggy
80%
Up _
_
_
_
_
the Bend
Around
79.6%
Peace of _
_
_
_
_
Mind
77.8%
Dr. _
_
_
_
_
Feelgood
73.8%
Hey, _
_
_
_
_
Joe
73.5%
_
_
_
_
_
Cold Crazy
Stone
70.9%
Life's Been _
_
_
_
_
Good
69.8%
_
_
_
_
_
Bus
Magic
68.7%
Runnin' _
_
_
_
_
a Dream
Down
68.4%
Song Title
Missing Word
% Correct
Get off of My _
_
_
_
_
Cloud
66.2%
_
_
_
_
_
of the Holy
Houses
63.3%
_
_
_
_
_
So Good
Hurts
62.9%
_
_
_
_
_
On You
Crazy
62.5%
_
_
_
_
_
of Life
Walk
62.2%
Bye, _
_
_
_
_
Love
Bye
59.6%
Jet _
_
_
_
_
Airliner
54.2%
_
_
_
_
_
Necklace
Pearl
46.9%
_
_
_
_
_
Gone
Tuesday's
45.8%
_
_
_
_
_
For You
Burning
43.3%
Just Push _
_
_
_
_
Play
39.3%
_
_
_
_
_
Man
Working
23.3%
Drop Dead _
_
_
_
_
Legs
22.5%
Fortune _
_
_
_
_
Faded
16.4%
_
_
_
_
_
Angel
Fallen
15.3%
Quiz Playlist
Details
Report
Send in Message
Add To Playlist
Classic:
Type in answers that appear in a list
Last Updated: Feb 16, 2017
Quiz Scoreboard
CHALLENGE
Sign Up to Join the Scoreboard
Show All
Scores
Hide
Comments
May contain spoilers
Recently Published
Billboard Blitz: Fleetwood Mac
by CooCooCachoo
Music
15s
Presidents Visiting Landmarks
by Hejman
History
7m
An Introduction to Baseball
by treessimontrees
Sports
5m
More to Explore
Quiz From the Vault
Featured Blog Post
Where Did the Easter Bunny Come From?
hide this ad
You Might Also Like...
Tags
Missing Word Quiz
Rock Quiz
Song Quiz
Classic Rock
Rock Band
Today's Top Quizzes in Music
Browse Music
hide this ad
Today's Top Quizzes in Missing Word
Browse Missing Word
Top Contributed Quizzes in Music
1
Taylor Swift All Songs (2024)
2
Guess the Artist- 70s Songs
3
7-to-1: Billboard Hot 100 #1 Hits of 2010s
4
Sorting Albums and Songs
5
Taylor Swift Logic Puzzle
6
KPOP LOGIC QUIZ
7
2010s Album by Cover III
8
One Thing in Common: Music
9
Guess the Taylor Swift song (Mystery Song)
10
Guess The Taylor Swift Lyrics Song #1
Explore More
Trending Topics
Harry Potter
Marvel
Crossword
NBA
Kpop
Anime
Disney
Song
Puzzle
Soccer
Pokémon
WWE
The Office
NFL
Country
hide this ad
More By:
srudder1
Quiz
Plays
Rating
Category
Featured
Created
30 Rock Song Titles
275
3.33
Music
May 19, 2011
Go to Creator's Profile
Score Distribution
Quiz Creator Spotlight
srudder1
Follow
Send a Message
Quizzes Created
-
Created Quiz Play Count
-
More By This Creator
Popular Quizzes Today
1
Find the US States - No Outlines Minefield
2
Find the Countries of Europe - No Outlines Minefield
3
The Countries of the World
4
Find the US States
5
US States
6
Popular People in 1961
7
Risky Map Clicking: Biggest States A-Z
8
Movies - When Are They Set?
More Music Quizzes
3 Wagner Operas
Editor's Pick
Trending Quizzes
Risky Map Clicking: Least Populous States A-Z
1-10 Letter G Words
1-10 Letter F Words
Risky Map Clicking: Next State Alphabetically
Risky Map Clicking: Biggest States A-Z
Recently Updated
Leaping Animals
pecheneg
Reality TV Shows (A-Z)
bhenderson79
Rickey Henderson's Hall of Fame Teammates
pecheneg
Champions League XIs: Arsenal
pecheneg
Quick Pick: Celebrities in WWE's Hall of Fame
aduchscher
A-Z Keypad Blitz II
pecheneg
Multiple Oscar Actors
pecheneg
Mystery Phrase Blitz: Oscar 'Best Actors'
pecheneg
F. Scott Fitzgerald Novels
LTH
Pick 3 Villains
ddd62291
Trending Topics
Harry Potter
Anime
NBA
Kpop
Marvel
Crossword
Disney
Country
Puzzle
The Office
WWE
NFL
Pokémon
Soccer
Song
Your Account Isn't Verified!
In order to create a playlist on Sporcle, you need to verify the email address you used during registration. Go to your
Sporcle Settings
to finish the process.
Report this User
Report this user for behavior that violates our
Community Guidelines
.
Details:
Send Report
Go to the Sporcle.com Mobile Site →
Comments